000 01014nam a22001817a 4500
003 OSt
005 20251120163728.0
008 251120b |||||||| |||| 00| 0 eng d
040 _cDCL
082 _a၂၉၄.၃၈၂၃၅၂၁
130 _aတိပိဋက။
_pသုတ္တန္တပိဋက။
_pခုဒ္ဒကနိကာယ။
_tပေတဝတ္ထု ၊
_lအဋ္ဌကထာ၊
_sနိဿယ။
245 _aပေတဝတ္ထု အဋ္ဌကထာနိဿယ၊
_cအသျှင်စာဂရမထေရ်။
264 _aမန္တလေး ၊
_bမန္တလေးတောင် ပိဋကတ်တော်စာပုံနှိပ်တိုက်၊
_c၁၉၄၁။
300 _a၆၀၆ စာမျက်နှာ ၊
_c၂၅ စင်တီ။
650 _aပေတဝတ္ထု
_vအဋ္ဌကထာ နိဿယ။
700 _aစာဂရမထေရ်၊ အသျှင်
942 _2ddc
_cSHORT TERM
_n0
999 _c2554
_d2554